00641nam a2200193Ia 4500003000400000005001700004008004100021040001800062041000800080082002500088100002000113245011900133250001200252260004300264300003000307650005400337650003500391650002100426OSt20250131122046.0210716s1988 xx 000 0 und d cAIMIT LIBRARY aeng a006.620288 21bSANC aSandler, Corey. aInsider's guide to IBM PC hardware and software :badvanced tips you won't find in the manual /cBy Corey Sandler. a1st ed. aNew Delhi :bBPB Publications ,c1988. axiii,266p. ;bHBc22.6 cm aHard lessons penny- wise and computer foolishness aGood servants are hard to find aWordstar patches